Bidaien liburua / (Record no. 193459)

MARC details
000 -LEADER
campo de control de longitud fija 01478nam a22003495 4500
001 - NÚMERO DE CONTROL
campo de control 193459
003 - IDENTIFICADOR DE NÚMERO DE CONTROL
campo de control SpMaBN
005 - FECHA Y HORA DE LA ÚLTIMA TRANSACCIÓN
campo de control 20250809063547.0
008 - DATOS DE LONGITUD FIJA--INFORMACIÓN GENERAL
campo de control de longitud fija 951221s1994 sp | ||| ||heb
016 7# - NÚMERO DE CONTROL DE UNA AGENCIA BIBLIOGRÁFICA NACIONAL
Número de control del registro bimoBNE19950377906
Fuente SpMaBN
017 ## - NÚMERO DE COPYRIGHT O DE DEPÓSITO LEGAL
Número de copyright o de depósito legal NA 775-1994
Agencia que asigna Oficina Depósito Legal Navarra
020 ## - NÚMERO INTERNACIONAL ESTÁNDAR DEL LIBRO
Número Internacional Estándar del Libro 842351286X
035 ## - NÚMERO DE CONTROL DEL SISTEMA
Número de control de sistema (OCoLC)733630069
040 ## - FUENTE DE CATALOGACIÓN
Centro catalogador/agencia de origen SpMaBN
Lengua de catalogación spa
Centro/agencia transcriptor SpMaBN
Normas de descripción rdc
Centro/agencia modificador ES-MaACL
080 ## - NÚMERO DE LA CLASIFICACIÓN DECIMAL UNIVERSAL
Número de la Clasificación Decimal Universal 910.4(100)"11"
100 ## - ENTRADA PRINCIPAL--NOMBRE DE PERSONA
Nombre de persona Benjamín de Tudela,
Fechas asociadas al nombre 1130-1173
Número de control del registro de autoridad o número normalizado XX943273
9 (RLIN) 234730
240 10 - TÍTULO UNIFORME
Título uniforme Sefer Masa'ot.
Lenguaje de la obra Políglota
245 10 - MENCIÓN DEL TÍTULO
Título Bidaien liburua /
Mención de responsabilidad, etc. Benjamin Tuterakoa = Libro de viajes / Benjamín de Tudela ; [traducción vasca Xabier Kintana ; traducción castellana, José Ramón Magdalena]
250 ## - MENCION DE EDICION
Mención de edición 1ª ed.
260 ## - PUBLICACIÓN, DISTRIBUCIÓN, ETC.
Lugar de publicación, distribución, etc. [Pamplona] :
Nombre del editor, distribuidor, etc. Departamento de Presidencia ;
Lugar de publicación, distribución, etc. = [Iruñea] :
Nombre del editor, distribuidor, etc. LehendakaritzaDepartamentua,
Fecha de publicación, distribución, etc. 1994.
300 ## - DESCRIPCIÓN FÍSICA
Extensión 220 p. :
Otras características físicas il. ;
Dimensiones 24 cm
594 ## - Nota al título y mención de responsabilidad
Nota al título y mención de responsabilidad Texto en hebreo y tradución en vasco y castellano
650 #0 - PUNTO DE ACCESO ADICIONAL DE MATERIA--TÉRMINO DE MATERIA
Término de materia o nombre geográfico como elemento de entrada Viajes
Subdivisión cronológica S.XII
Fuente del encabezamiento o término embne
9 (RLIN) 234731
852 ## - LOCALIZACIÓN
Ubicación ES-MaACL
Sublocalización o colección R.154855
Ubicación en estantería Depósito J
Donativo/Legado Donación: José Lázaro García
Número de control de estantería N-9636
itemnumber 201110
Encuadernación Encuadernación rústica con solapas
903 ## - NOMBRE PERSONAL DE DONANTE
9 234219
a Lázaro García, José
e Donante
942 ## - ELEMENTOS DE ENTRADA SECUNDARIOS (KOHA)
Fuente del sistema de clasificación o colocación Clasificación decimal universal
Tipo de ítem Koha Libro impreso
Suprimir en OPAC No
Holdings
Estatus retirado Estado de pérdida Fuente del sistema de clasificación o colocación Estado de daño No para préstamo Biblioteca de origen Biblioteca actual Ubicación en estantería Fecha de adquisición Fuente de adquisición Total de préstamos Signatura topográfica completa Código de barras Visto por última vez Precio de reemplazo Tipo de ítem Koha
    Clasificación decimal universal     Biblioteca del Ateneo de Madrid Biblioteca del Ateneo de Madrid Depósito J 29/01/2024 Donación   N-9636 101206457 29/01/2024 29/01/2024 Libro impreso